000
00258nam a2200109Ia 4500
008
220204s9999 xx 000 0 und d
082
_a
82-3
_b
HIR
100
_a
Hirschfeld, Burt
245
4
_a
The Masters affair
260
_a
London
_b
Sphere
_c
1975
942
_c
BK
999
_c
31061
_d
31061